000 00207 a2200097 4500
001 6965
100 _aBlackman, R V B
245 _aJane's Fighling ships
260 _a
_bSampson Low
_c
090 _c5749
_d5749
942 _aNUST-CAE
_cM
_c32210
999 _c242038
_d242038